Manual de neuroanatomía humana : (Registro nro. 10291)

Detalles MARC
000 -LEADER
fixed length control field 00839nam a22002777a 4500
001 - CONTROL NUMBER
control field 00154
003 - CONTROL NUMBER IDENTIFIER
control field DO-SdBNP
005 - DATE AND TIME OF LATEST TRANSACTION
control field 20180131113535.0
007 - PHYSICAL DESCRIPTION FIXED FIELD--GENERAL INFORMATION
fixed length control field 00154
008 - FIXED-LENGTH DATA ELEMENTS--GENERAL INFORMATION
fixed length control field 160607b 2000 mx |||| 00| 0 spa d
020 ## - INTERNATIONAL STANDARD BOOK NUMBER
International Standard Book Number 9701026829
040 ## - CATALOGING SOURCE
Original cataloging agency BPMSU
Language of cataloging spa
Transcribing agency BPMSU
100 1# - MAIN ENTRY--PERSONAL NAME
Personal name Treviño Alanís, María Guadalupe.
245 10 - TITLE STATEMENT
Title Manual de neuroanatomía humana :
Remainder of title ejercicios /
Statement of responsibility, etc. María Guadalupe Treviño Alanís.
250 ## - EDITION STATEMENT
Edition statement 2da. ed.
260 ## - PUBLICATION, DISTRIBUTION, ETC. (IMPRINT)
Place of publication, distribution, etc. México :
Name of publisher, distributor, etc. McGraw-Hill Interamericana,
Date of publication, distribution, etc. 2000.
300 ## - PHYSICAL DESCRIPTION
Extent ix, 87 p. :
Other physical details il. ;
Dimensions 28 cm.
500 ## - GENERAL NOTE
General note Glosario : p. 81-84.
500 ## - GENERAL NOTE
General note Incluye bibliografía e indice
650 ## - SUBJECT ADDED ENTRY--TOPICAL TERM
Topical term or geographic name as entry element NEUROFISIOLOGÍAS
Form subdivision MANUELES
650 ## - SUBJECT ADDED ENTRY--TOPICAL TERM
Topical term or geographic name as entry element NEUROANATOMÍA
Form subdivision MANUALES
700 ## - ADDED ENTRY--PERSONAL NAME
Personal name
942 ## - ADDED ENTRY ELEMENTS (KOHA)
Source of classification or shelving scheme Dewey Decimal Classification
Koha item type Libros
945 ## - LOCAL PROCESSING INFORMATION (OCLC)
a Inventariado, 2018 /LP
956 ## - LOCAL ELECTRONIC LOCATION AND ACCESS (OCLC)
Host name VMATEO
Access number 10
Compression information 20160607
Path BPMSU
Electronic name 0069
Existencias
Withdrawn status Lost status Source of classification or shelving scheme Damaged status Not for loan Collection code Home library Current library Date acquired Source of acquisition Total Checkouts Barcode Date last seen Price effective from Koha item type
    Dewey Decimal Classification     Colección General Biblioteca Pública Metropolitana Salomé Ureña Biblioteca Pública Metropolitana Salomé Ureña 06/07/2016 FUNDI   BPMSU16060080 06/07/2016 06/07/2016 Libros